000 00877cam a2200265 a 4500
001 14804459
005 20180104045756.0
008 070411s2007 nyuaf b 001 0 eng d
010 _a 2007273393
020 _a0071489975
020 _a9780071489973
035 _a(OCoLC)ocm85370929
040 _aJBL
_cJBL
_dJBL
_dBAKER
_dBLC
_dYDXCP
_dDLC
041 _aeng
042 _alccopycat
080 _a338.91 SMI
082 0 4 _a338.91 SMI
_222
100 1 _a58
101 _aBIZ
245 1 2 _aA billion bootstraps :
_cPhil Smith, Eric Thurman.
504 _aIncludes bibliographical references (p. 207-213) and index.
906 _a7
_bcbc
_ccopycat
_d2
_encip
_f20
_gy-gencatlg
942 _2ddc
_cBK
999 _c39702
_d39702